LEADER 02077nam a2200385 a 4500 001 000000161072 003 CaOOAMICUS 005 20170620122318.0 008 170531s1963 enkchf u000 u eng r 020 $a978-0-138-88411-3 (v. 1)* 020 $a978-1-138-87061-1 (v. 2)* 032 $aLibriCat 040 $aPUL$bita 100 1 $aMill, John Stuart,$d1806-1873.$0(OLS)http://pul/name/15219 245 14$aThe earlier letters of John Stuart Mill 1812-1848 /$cedited by Francis E. Mineka ; with an introduction by F. A. Hayek. 260 $aLondon :$bRoutledge and Kegan Paul,$c©1963. 300 $a2 v. :$britr., facsim. ;$c24 cm. 490 1 $aCollected works of John Stuart Mill ;$v12-13 504 $aBibliografia in nota. 600 14$aMill, John Stuart,$d1806-1873$xCritica e interpretazione.$0(OLS)http://pul/subject/19413 700 1 $aMineka, Francis E.$0(OLS)http://pul/name/103121 700 1 $aHayek, Friedrich A.,$d1899-1992.$0(OLS)http://pul/name/14948 800 1 $aMill, John Stuart,$d1806-1873.$tOpera omnia ;$v12-13.$0(OLS)http://pul/nameTitle/1885$0(OLS)http://pul/name/15219$0(OLS)http://pul/title/2415 830 0$aCollected works of John Stuart Mill ;$v12-13.$0(OLS)http://pul/title/200781 850 $aPUL 852 $aPUL$W1$xDP2 Filosofia 3$y112$m192 MILJO 1.12$j185019$bv. 1, rist. del 2014$qDDC 21$B188215$CPULBib$Z2$F188215 $H129746 $81 852 $aPUL$W1$xDP2 Filosofia 3$y112$m192 MILJO 1.13$j185387$bv. 2, rist. del 2014$qDDC 21$B188600$CPULBib$Z2$F188600 $H129747 $81 900 $aStuart Mill, John,$d1806-1873$915219 900 $aStuart Mill, John,$d1806-1873$915219 941 1 $a9 996 $6020$a978-0-138-88411-3 (v. 1)*$9(OLS)http://pul/number/162789 996 $6020$a978-1-138-87061-1 (v. 2)*$9(OLS)http://pul/number/162893 996 $6245$aThe earlier letters of John Stuart Mill 1812-1848$9(OLS)http://pul/title/200790 996 $6260$aLondon :$bRoutledge and Kegan Paul$9(OLS)http://pul/publisher/71204 LEADER 01108nam a2200265 a 4500 001 000000145477 003 CaOOAMICUS 005 20150907115136.0 008 150907s1990 it abf u000 u ita r 040 $aPUL$bita 100 1 $aCrespi, Pietro,$d1937-2022.$0(OLS)http://pul/name/32395 245 14$aUna comunità di frontiera :$bsociologia di una parrocchia /$cPietro Crespi. 260 $aVerona :$bil Segno,$c1990. 300 $a207 p., [4] c. di tav. :$bill., c. geogr. ;$c24 cm 490 1 $aCollana di sociologia religiosa ;$v01 504 $aNote bibliografiche. 650 4$aParrocchie.$0(OLS)http://pul/subject/16866 830 0$aCollana di sociologia religiosa ;$v01.$0(OLS)http://pul/title/183967 850 $aPUL 852 $aPUL$W1$xDP1 Fondo S. Lanza$y121$m3 O 49$j168212$qFondi$B168806$CPULBib$Z2$F168806 $HLan999 $82 941 1 $a1 961 $aDedica con poesia. 996 $6245$aUna comunità di frontiera :$bsociologia di una parrocchia$9(OLS)http://pul/title/183966 996 $6260$aVerona :$bil Segno$9(OLS)http://pul/publisher/70702